00551 2200205 4500001002100000005001500021035002000036007000300056008004100059020002200100082001000122084001600132100001600148245004100164250001100205260004000216300004600256650002700302600001600329INLIS00000000000046620221107102701 a0010-1122000060ta221107 a 1 ind  a978-602-252-834-0 a028.5 a028.5 WAT k0 aWatiek Ideo1 aKetika Aku Punya Adik /cWatiek Ideo aCet. I aJakarta :bErlangga For Kids,c2017 a28 halaman :bilustrasi berwarna ;c20 cm 4aSeriPengembangan Emosi 4aBacaan Anak